| 000 | 00680nam a22002057a 4500 | ||
|---|---|---|---|
| 005 | 20251108170816.0 | ||
| 008 | 250721s1999 xx 000 0 ara d | ||
| 082 | 1 | 4 | _aط/004.65/بيد |
| 100 | 1 |
_aبيدرسن، تيد _eمؤلف |
|
| 245 | 1 | 0 |
_aالإنترنت للأولاد : _bدليل المبتدىء إلى ركوب أمواج الشبكة / |
| 264 | 1 |
_aبيروت : _bدار الجيل، _c1999. |
|
| 300 | _a215ص. | ||
| 650 | 1 | 7 | _aالحواسيب |
| 650 | 1 | 7 | _aالإنترنت |
| 650 | 1 | 7 | _aشبكات المعلومات |
| 700 | 1 |
_aموس، فرانسيس _eتأليف |
|
| 700 | 1 |
_aأيوب، بولين _eترجمة |
|
| 942 |
_2ddc _cBK |
||
| 999 |
_c49485 _d49485 |
||